| LEADER 00000nama 2200000uu 4500 |
| 001 201382 |
| 003 ULIBM |
| 008 040531s2010 th m m a000 0 tha d |
| 020 978-0-7817-6584-8
|
| 041 eng
|
| 050 WY106 A425c 2010
|
| 100 Allender,Judith A.
|
| 245 00 ^aCommunity health nursing : promotingฯ
|
| 246 0 ^aโครงการผลิตพยาบาลชุมชนฯ ครั้งที่1/2553.
|
| 250 ^a7 th ed.
|
| 260 New York. Wolters Kluwer/Lippincott Williams & Wilkins. 2010
|
| 300 ^a930 p.
|
| 500 ^aโครงการผลิตพยาบาลชุมชนฯ ครั้งที่1/2553.
|
| 600 I.Rector,cherie II.Warner,Kristine D.
|
| 650 1.Community Health Nursing 2.Public Health nursing 3.Health promotion.
|
| 995 001
|
| 999 ^aใช้งานได้ทุกระบบ
|